000 00736nam a2200253Ia 4500
003 OSt
005 20221005065053.0
006 a|||||r|||| 00| 0
007 ta
008 221004b |||||||| |||| 00| 0 eng d
020 _a0631218424
_c4180
024 _a81487
037 _b3656, 30/03/2005, Efficient Book Distributors
_cTextual
040 _aCRL
_cCRL
_beng
041 _2eng
_aeng
082 _aR3xN30x, P4
100 _aLucy Niall
245 0 _aDerrida dictionary
260 _aMaryland
_bBlackwell Publishing U.S.A.
_c2004
300 _a183p.
_ccm.
650 _aPHILOSOPHY
942 _hR3xN30x, P4
_cTEXL
_2cc
999 _c974002
_d974002